Т. 1; Избранные труды

التفاصيل البيبلوغرافية
Parent link:Избранные труды: в 3 т./ Н. М. Крылов; Академия наук Украинской ССР, Институт математики. Т. 1.— , 1963
اللغة:الروسية
منشور في: 1961
الموضوعات:
التنسيق: كتاب
KOHA link:https://koha.lib.tpu.ru/cgi-bin/koha/opac-detail.pl?biblionumber=120225

MARC

LEADER 00000nam2a2200000 4500
001 120225
005 20231101215607.0
035 |a (RuTPU)RU\TPU\book\130172 
090 |a 120225 
100 |a 20070821d1961 k y0rusy50 ca 
101 0 |a rus 
102 |a UA 
105 |a af z 000zb 
200 0 |a Т. 1 
210 |d 1961 
215 |a 266 с.  |c ил. 
461 1 |0 (RuTPU)RU\TPU\book\130156  |t Избранные труды  |o в 3 т.  |f Н. М. Крылов  |g Академия наук Украинской ССР, Институт математики  |v Т. 1  |d 1963 
600 1 |a Крылов  |b Н. М.  |c российский математик и механик  |f 1879-1955  |g Николай Митрофанович  |2 stltpush  |3 (RuTPU)RU\TPU\pers\14712  |9 4918 
606 1 |a Математика  |2 stltpush  |3 (RuTPU)RU\TPU\subj\67327  |9 83171 
610 1 |a функции 
610 1 |a аппроксимация 
610 1 |a механические квадратуры 
610 1 |a математическая физика 
610 1 |a вариационные методы 
610 1 |a дифференциальные уравнения 
610 1 |a интегрирование 
610 1 |a полиномы Якоби 
610 1 |a интегралы 
675 |a 51  |v 3 
801 1 |a RU  |b 63413507  |c 20070821  |g PSBO 
801 2 |a RU  |b 63413507  |c 20201029  |g RCR 
942 |c BK